000 00829nam2a22002291 4500
001 v19\rc\2082559
005 20250620043442.0
035 _a(NLR Aleph) 005174354
090 _a5091375
_c5091375
100 _a20081218d1912 |||y0rusy50 ca
101 0 _arus
102 _aRU
105 _ay z |||a|
200 1 _aНа рубеже столетий
_e(Анекдоты и рассказы из жизни Наполеона)
210 _d1912
_aБ. м.
461 0 _1001v19\rc\2082550
_12001#$aБиблиотека двенадцатого года$v[Вып. 9]
_95091317
_cМосква
_d1912
_nОстров
_tБиблиотека двенадцатого года
_v[Вып. 9]
700 1 _aКунце
_bГ.
801 0 _aRU
_bNLR
_gpsbo
801 1 _aRU
_bProSoft-M
_2rusmarc
852 _aNLR
_j37.46.10.1
942 _cBOOK
980 _aNB